<Os Ovos Misteriosos (Registo nº 30851)

Detalhes MARC
000 -Etiqueta do registo
Valores 00506nam a2200205 4500
010 ## - Número ISBN
ISBN 9789723603385
021 ## - Número do Depósito Legal
-- PT
Número 80430/94
090 ## -
-- 30851
100 ## - Dados gerais de processamento
Dados gerais 20100107d2009 a 0pory5003 ba
101 ## - Língua de publicação
-- por
102 ## - País de publicação
-- PT
105 ## -
-- a z 00 y
200 1# - Titulo e menção de responsabilidade
Título próprio <Os Ovos Misteriosos
Primeira menção de responsabilidade Luísa Ducla Soares
210 ## - Publicação
Local de publicação Porto
Nome do editor Edições Afrontamento
Data de publicação 2009
215 ## - Descrição física 
Paginação / Volumes [34] p.
Dimensões 26 cm.
700 #1 - Autor principal (pessoa individual)
Apelido Soares
Nome Luísa Ducla
930 ## -
-- BECRE
990 ## - Elementos KOHA
Tipo de documento Livro
995 ## - Localização e informação dos exemplares
-- 18
995 ## - Localização e informação dos exemplares
-- 18
995 ## - Localização e informação dos exemplares
-- 18
995 ## - Localização e informação dos exemplares
-- 18
995 ## - Localização e informação dos exemplares
-- 18
995 ## - Localização e informação dos exemplares
-- 18
995 ## - Localização e informação dos exemplares
-- 18
995 ## - Localização e informação dos exemplares
-- 18
Exemplares
Situação do levantamento Estado Biblioteca de origem Biblioteca de empréstimo Código de barras Cota Permissão de empréstimo Tipo de documento
  Completo Biblioteca da Escola Básica de Aguiar Biblioteca da Escola Básica de Aguiar 557BA 087.5 SOA Disponível Livro
  Completo Biblioteca da Escola Básica de Aguiar Biblioteca da Escola Básica de Aguiar 558BA 087.5 SOA Disponível Livro
  Completo Biblioteca da Escola Básica de Aguiar Biblioteca da Escola Básica de Aguiar 560BA 087.5 SOA Disponível Livro
  Completo Biblioteca da Escola Básica de Aguiar Biblioteca da Escola Básica de Aguiar 559BA 087.5 SOA Disponível Livro
  Completo Biblioteca da Escola Básica de Aguiar Biblioteca da Escola Básica de Aguiar 561BA 087.5 SOA Disponível Livro
  Completo Biblioteca da Escola Básica de Aguiar Biblioteca da Escola Básica de Aguiar 562BA 087.5 SOA Disponível Livro
  Completo Biblioteca da Escola Básica de Aguiar Biblioteca da Escola Básica de Aguiar 563BA 087.5 SOA Disponível Livro
  Completo Biblioteca da Escola Básica e Secundária Dr Isidoro de Sousa Biblioteca da Escola Básica e Secundária Dr Isidoro de Sousa 564BAEV 087.5 SOA Disponível Livro




Powered by Koha